[Event "AUT-chT2O 0001"]
[Site "Austria"]
[Date "2000.??.??"]
[Round "?"]
[White "Fusi, Christoph"]
[Black "Voegel, Wolfgang"]
[Result "1/2-1/2"]
[WhiteElo "2240"]
[BlackElo "2195"]
[PlyCount "81"]
[EventDate "2000.??.??"]
[EventType "team"]
[EventRounds "11"]
[EventCountry "AUT"]
[SourceTitle "EXT 2003"]
[Source "ChessBase"]
[SourceDate "2002.11.25"]
[SourceVersion "1"]
[SourceVersionDate "2002.11.25"]
[SourceQuality "1"]

1. e4 c6 2. d4 d5 3. e5 Na6 4. c3 Nc7 5. Bd3 g6 6. Na3 Bg7 7. Ne2 f6 8. exf6 exf6 9. 0-0 Ne7 10. Re1 0-0 11. Nf4 Bf5 12. Nc2 Bxd3 13. Qxd3 Qd7 14. Bd2 Rfe8 15. Re2 Nf5 16. Rae1 Rxe2 17. Qxe2 Re8 18. Qg4 Rxe1+ 19. Nxe1 Ne6 20. Nh5 Bh8 21. Nd3 Kf7 22. Qh3 Kg8 23. Qg4 Kf7 24. Qf3 Qe7 25. g4 Nd6 26. Ng3 Bg7 27. h4 Kg8 28. Kg2 Nf7 29. Qe2 Kf8 30. f4 Ned8 31. Qxe7+ Kxe7 32. f5 Bh6 33. Bxh6 Nxh6 34. fxg6 hxg6 35. Kf3 Ndf7 36. Nf4 g5 37. Ng6+ Ke6 38. Nf8+ Ke7 39. Ng6+ Ke6 40. Nh5 f5 41. Nf8+ 1/2-1/2

[Event "AUT-chT2O 9899"]
[Site "Austria"]
[Date "1998.11.15"]
[Round "4"]
[White "Schoeneberg, Manfred"]
[Black "Voegel, Wolfgang"]
[Result "1/2-1/2"]
[WhiteElo "2345"]
[BlackElo "2225"]
[PlyCount "32"]
[EventDate "1998.10.??"]
[EventType "team"]
[EventRounds "11"]
[EventCountry "AUT"]
[SourceTitle "EXT 2000"]
[Source "ChessBase"]
[SourceDate "1999.11.16"]
[SourceVersion "1"]
[SourceVersionDate "1999.11.16"]
[SourceQuality "1"]

1. e4 c5 2. Nf3 Nc6 3. Bb5 g6 4. 0-0 Bg7 5. c3 Nf6 6. e5 Nd5 7. d4 cxd4 8. cxd4 0-0 9. Nc3 Nc7 10. h3 a6 11. Ba4 b5 12. Bb3 Bb7 13. Re1 Na5 14. Ne4 Nxb3 15. Qxb3 Bxe4 16. Rxe4 d5 1/2-1/2

[Event "AUT-chT2O 9798"]
[Site "Austria"]
[Date "1998.??.??"]
[Round "7"]
[White "Hangweyrer, Manfred"]
[Black "Voegel, Wolfgang"]
[Result "1-0"]
[WhiteElo "2385"]
[BlackElo "2225"]
[PlyCount "73"]
[EventDate "1997.??.??"]
[EventType "team"]
[EventRounds "13"]
[EventCountry "AUT"]
[SourceTitle "EXT 1999"]
[Source "ChessBase"]
[SourceDate "1998.11.16"]
[SourceVersion "1"]
[SourceVersionDate "1998.11.16"]
[SourceQuality "1"]

1. Nf3 d5 2. g3 Nf6 3. Bg2 c5 4. 0-0 Nc6 5. d3 e6 6. Nbd2 Be7 7. e4 0-0 8. Re1 b5 9. e5 Nd7 10. Nf1 a5 11. h4 a4 12. a3 Ra6 13. N1h2 b4 14. Bf4 bxa3 15. bxa3 Nd4 16. h5 f6 17. Nxd4 cxd4 18. exf6 Bxf6 19. h6 g5 20. Bd2 Ne5 21. Rb1 Nf7 22. Qh5 Rc6 23. Bb4 Re8 24. Re2 e5 25. Rbe1 Be6 26. Ng4 Bh8 27. Nxe5 Bxe5 28. Rxe5 Nxe5 29. Rxe5 Bf7 30. Bxd5 Rg6 31. Qf3 Bxd5 32. Rxd5 Qf6 33. Rf5 Qd8 34. Qb7 Qc8 35. Qf7+ Kh8 36. Bf8 Re1+ 37. Kh2 1-0

[Event "AUT-chT2O 9798"]
[Site "Austria"]
[Date "1997.11.07"]
[Round "1"]
[White "Wukits, Rene"]
[Black "Voegel, Wolfgang"]
[Result "1-0"]
[WhiteElo "2240"]
[BlackElo "2225"]
[PlyCount "53"]
[EventDate "1997.??.??"]
[EventType "team"]
[EventRounds "13"]
[EventCountry "AUT"]
[SourceTitle "EXT 1999"]
[Source "ChessBase"]
[SourceDate "1998.11.16"]
[SourceVersion "1"]
[SourceVersionDate "1998.11.16"]
[SourceQuality "1"]

1. d4 d5 2. c4 e6 3. Nc3 c5 4. cxd5 exd5 5. Nf3 Nc6 6. g3 Nf6 7. Bg2 Be7 8. 0-0 0-0 9. Bg5 c4 10. Ne5 Be6 11. f4 Ng4 12. Bxe7 Nxe7 13. Qd2 f6 14. Nxg4 Bxg4 15. e4 dxe4 16. Bxe4 Qd6 17. Bxb7 Rad8 18. Bg2 Qb6 19. Qf2 Rxd4 20. Rfe1 Kf7 21. h3 Be6 22. Re2 Rd6 23. Rae1 Re8 24. g4 Bd7 25. Ne4 Qxf2+ 26. Kxf2 Rb6 27. Rd2 1-0

[Event "AUT-chT2O 9697"]
[Site "Austria"]
[Date "1996.??.??"]
[Round "4"]
[White "Voegel, Wolfgang"]
[Black "Bachmayer, Josef"]
[Result "1-0"]
[WhiteElo "2235"]
[BlackElo "2060"]
[PlyCount "95"]
[EventDate "1996.??.??"]
[EventType "team"]
[EventRounds "11"]
[EventCountry "AUT"]
[SourceTitle "EXT 1998"]
[Source "ChessBase"]
[SourceDate "1997.11.17"]
[SourceVersion "1"]
[SourceVersionDate "1997.11.17"]
[SourceQuality "1"]

1. d4 Nf6 2. c4 g6 3. Nc3 d5 4. e3 Bg7 5. Nf3 0-0 6. Be2 c5 7. 0-0 cxd4 8. exd4 Nc6 9. Bf4 Be6 10. c5 Ne4 11. h3 Bf5 12. Qa4 Qd7 13. Rfd1 h6 14. Bb5 Qe6 15. Qb3 g5 16. Bh2 Rad8 17. Bxc6 bxc6 18. Re1 Qc8 19. Ne5 Nd2 20. Qa4 Bxh3 21. Qd1 Nc4 22. gxh3 Qxh3 23. Qg4 Qxg4+ 24. Nxg4 Bxd4 25. Nxh6+ Kh7 26. Nf5 Bxc5 27. Nxe7 Bxe7 28. Rxe7 Nxb2 29. Rb1 Nc4 30. Rc1 Kg6 31. Rxa7 Rfe8 32. Ra6 Re6 33. Na4 Kf5 34. Nc5 Re2 35. Nb3 Ke4 36. Kf1 Rb2 37. Rd1 d4 38. Rxc6 Ne5 39. Re1+ Kf3 40. Bxe5 Rxf2+ 41. Kg1 Rxa2 42. Nxd4+ Kg4 43. Re4+ Kh5 44. Bg7 f6 45. Rxf6 g4 46. Rh6+ Kg5 47. Ne6+ Kf5 48. Rf4# 1-0

[Event "Oberwart op"]
[Site "Oberwart"]
[Date "1995.??.??"]
[Round "7"]
[White "Voegel, Wolfgang"]
[Black "Neumeier, Klaus"]
[Result "0-1"]
[WhiteElo "2240"]
[BlackElo "2310"]
[PlyCount "84"]
[EventDate "1995.07.??"]
[EventType "swiss"]
[EventRounds "9"]
[EventCountry "AUT"]
[SourceTitle "EXT 2001"]
[Source "ChessBase"]
[SourceDate "2000.11.22"]
[SourceVersion "1"]
[SourceVersionDate "2000.11.22"]
[SourceQuality "1"]

1. d4 Nf6 2. c4 g6 3. Nc3 Bg7 4. e4 d6 5. Nf3 0-0 6. Be2 e5 7. dxe5 dxe5 8. Qxd8 Rxd8 9. Bg5 Na6 10. Nd5 Nxd5 11. Bxd8 Nf4 12. Bg5 Nxg2+ 13. Kd1 Nc5 14. Nd2 Ne6 15. Rg1 Ngf4 16. Bxf4 exf4 17. Rb1 h5 18. Nb3 a5 19. Nc1 Nd4 20. f3 Be6 21. b3 Rd8 22. Ke1 Nc2+ 23. Kf2 Bd4+ 24. Kg2 Na3 25. Nd3 Nxb1 26. Rxb1 Be3 27. Rb2 f6 28. Rc2 h4 29. Rb2 h3+ 30. Kf1 Kf7 31. Ke1 Rh8 32. Bf1 Rh5 33. Nf2 Bxf2+ 34. Kxf2 Ke7 35. Rd2 c5 36. Rd1 Rh8 37. Ke1 Rd8 38. Rb1 Rd4 39. a3 b6 40. a4 Kd6 41. Ke2 Ke5 42. Ke1 g5 0-1